Termes utilisés au football - Mort Subite#2 - Statistiques

Statistiques générales
  • Ce quiz a été pris 646 fois
    587 depuis la dernière actualisation
  • Le résultat moyen est 7 sur 8
Answers on the Grid
Answers color-coded by a green-red scale on the quiz's grid according to % correct below.
Libéro
Pointu
Autruche
Grand pont
But platine
Springboks
Quatrième arbitre
Série A
Backspin
Soulier d'or
10 mètres
Arrêt-Buffet
Pré-loft
Coup du chapeau
Service flottant
Ciseau
 
Statistiques - réponses
Réponse % Correct
Grand pont
92%
Série A
90%
Soulier d'or
87%
Ciseau
86%
Pointu
86%
Quatrième arbitre
86%
Libéro
85%
Coup du chapeau
80%
Aucun quiz correspondant
Distribution des résultats
% des personnes avec chaque résultat
Percentile par nombre de réponses
Votre historique - résultats
Vous n’avez pas pris ce quiz depuis la dernière actualisation